Stations du métro parisien à toit ouvert - Statistiques

Statistiques générales
  • Ce quiz a été pris 13 fois
  • Le résultat moyen est 15 sur 26
Statistiques - réponses
% Correct
Barbès-Rochechouart
77%
Bastille
77%
Bir Hakeim
77%
La Chapelle
77%
Stalingrad
77%
Gare d’Austerlitz
69%
Glacière
69%
Quai de la Gare
69%
Quai de la Rapée
69%
Cambronne
62%
Corvisart
62%
Jaurès
62%
Nationale
62%
Passy
62%
Bel-Air
54%
Chevaleret
54%
Créteil - Pointe du Lac
54%
Dupleix
54%
Saint-Jacques
54%
Sèvres-Lecourbe
54%
Chatillon-Montrouge
46%
Créteil - L’Échat
46%
Créteil - Préfecture
46%
La Motte-Picquet - Grenelle
38%
Malakoff - Rue Étienne Dolet
38%
Coteaux Beauclair
31%
Aucun quiz correspondant
Distribution des résultats
% des personnes avec chaque résultat
Percentile par nombre de réponses
Votre historique - résultats
Vous n’avez pas pris ce quiz